Hidden Logos (A-Z Slideshow) Quiz Stats

 Plays Quiz Updated Dec 13, 2018

Score 0/26 Timer 10:00
4 Plays Today
% Correct
Facebook (reflection in hand-held mirror)
93.7%
Disney Channel (outline of Mickey Mouse ears in center)
93.3%
Hewlett-Packard (upper left bead)
92%
Apple, Inc. (multi-colored apple towards left, on the waterfront)
91.3%
BMW (rear left tire)
90.6%
Coca Cola (etched in a brown section just to the right of center)
89.2%
Kentucky Fried Chicken (Col. Sanders behind horse tail, holding drumstick)
89.2%
Nike (swoosh symbol on side of paw areas)
87.2%
McDonald's (lower left in flower bed)
85.8%
Target retail store (on back of shirt, lower middle)
85.2%
Olympic Rings (surrounding the five images)
84.5%
Volkswagen (on back of beetle to far right)
83%
Robin (Batman's sidekick superhero, in costume to far left)
80.3%
% Correct
General Electric (blue ornament bottom-left on tree)
78.9%
Infinity View Boutique Guest House (green symbol to far left, below grass)
75.1%
Pennsylvania (Philadelphia Eagles, 76ers, Flyers, Phillies within green shade)
72.8%
Sporcle (in place of the setting sun)
69.3%
UPS (in far right brown cluster)
65%
Walkman (on the head of the walking man from Chicago)
60.4%
Xbox (bottom right corner of the Extra chewing gum box)
59.8%
Qantas Airways (kangaroo in red triangle within flag)
55.5%
Yes (on each of their jackets)
54.1%
Elephant ('Elefont' trunk logo in the second 'O' of 'ROOM')
53.8%
Joan of Arc (On horse, with Cathédrale Sainte-Croix d'Orléans in background)
53.5%
Zenith television (Red 'Z' - just below the zenith of the mountain)
41.2%
Logos bible software (all the logos are logos for Logos)
21.2%

You're not logged in!

Compare scores with friends on all Sporcle quizzes.
OR
Log In

You Might Also Like...

Show Comments

Extras

Top Quizzes Today


Score Distribution

Your Account Isn't Verified!

In order to create a playlist on Sporcle, you need to verify the email address you used during registration. Go to your Sporcle Settings to finish the process.

Report this User

Report this user for behavior that violates our Community Guidelines.

Details: